000 00777nam2a22002291 4500
001 rc\1112903
005 20250612180935.0
035 _a(NLR Aleph) 008772342
090 _a7931784
_c7931784
100 _a20041126d1982 |||y0rusy50 ca
101 0 _arus
102 _aRU
105 _ay |||||||||
200 1 _aИспытание севером
_fА. Гринес
461 0 _1001rc\1112902
_12001#$aУ костра дружбы$eСтихи$e[В 9 кн.]$v[1]
_95059565
_cЯкутск
_d1982
_nЯкут. кн. изд-во
_oСтихи : [В 9 кн.]
_tУ костра дружбы
_v[1]
701 1 _aГринес
_bА.
_4070
801 0 _aRU
_bNLR
_gpsbo
801 1 _aRU
_bELAR
_2rusmarc
801 2 _aRU
_bNLR
_c20050915
_2rusmarc
852 _aNLR
_j82-2/1696
942 _cBOOK
980 _aNB